Структура микропроцессорной системы автоматики нефтеперекачивающей станции "Александровская"; Проблемы геологии и освоения недр; Т. 2

Bibliografske podrobnosti
Parent link:Проблемы геологии и освоения недр: труды XIX Международного симпозиума имени академика М. А. Усова студентов и молодых ученых, посвященного 70-летнему юбилею Победы советского народа над фашистской Германией, Томск, 6-10 апреля 2015 г./ Национальный исследовательский Томский политехнический университет (ТПУ), Институт природных ресурсов (ИПР) ; Общество инженеров-нефтяников, международная некоммерческая организация, Студенческий чаптер ; под ред. А. Ю. Дмитриева.— , 2015
Т. 2.— [С. 571-572]
Glavni avtor: Дмитриенко М. А. Маргарита Александровна
Korporativna značnica: Национальный исследовательский Томский политехнический университет (ТПУ) Энергетический институт (ЭНИН) Кафедра автоматизации теплоэнергетических процессов (АТП)
Drugi avtorji: Стрижак П. А. Павел Александрович (научный руководитель)
Izvleček:Заглавие с экрана
Jezik:ruščina
Izdano:
Serija:Энергоснабжение и автоматизация объектов нефтегазовой промышленности
Teme:
Online dostop:http://earchive.tpu.ru/handle/11683/22932
http://www.lib.tpu.ru/fulltext/c/2015/C11/V2/259.pdf
Format: Elektronski Book Chapter
KOHA link:https://koha.lib.tpu.ru/cgi-bin/koha/opac-detail.pl?biblionumber=615565

MARC

LEADER 00000naa2a2200000 4500
001 615565
005 20231101132850.0
035 |a (RuTPU)RU\TPU\conf\13764 
035 |a RU\TPU\conf\13761 
090 |a 615565 
100 |a 20151111d2015 k y0rusy50 ca 
101 0 |a rus 
102 |a RU 
105 |a y z 100zy 
135 |a drgn ---uucaa 
181 0 |a i  
182 0 |a b 
200 1 |a Структура микропроцессорной системы автоматики нефтеперекачивающей станции "Александровская"  |f М. А. Дмитриенко  |g науч. рук. П. А. Стрижак 
203 |a Текст  |c электронный 
225 1 |a Энергоснабжение и автоматизация объектов нефтегазовой промышленности 
230 |a 1 компьютерный файл (pdf; 642 Kb) 
300 |a Заглавие с экрана 
320 |a [Библиогр.: с. 572 (2 назв.)] 
337 |a Adobe Reader 
461 1 |0 (RuTPU)RU\TPU\conf\12865  |t Проблемы геологии и освоения недр  |o труды XIX Международного симпозиума имени академика М. А. Усова студентов и молодых ученых, посвященного 70-летнему юбилею Победы советского народа над фашистской Германией, Томск, 6-10 апреля 2015 г.  |o в 2 т.  |f Национальный исследовательский Томский политехнический университет (ТПУ), Институт природных ресурсов (ИПР) ; Общество инженеров-нефтяников, международная некоммерческая организация, Студенческий чаптер ; под ред. А. Ю. Дмитриева  |d 2015 
463 1 |0 (RuTPU)RU\TPU\conf\13350  |t Т. 2  |v [С. 571-572] 
610 1 |a труды учёных ТПУ 
610 1 |a электронный ресурс 
610 1 |a микропроцессорные системы 
610 1 |a автоматика 
610 1 |a нефтеперекачивающие станции 
610 1 |a НПС 
700 1 |a Дмитриенко  |b М. А.  |c специалист в области теплоэнергетики  |c лаборант Томского политехнического университета  |g Маргарита Александровна  |2 stltpush  |3 (RuTPU)RU\TPU\pers\35545 
702 1 |a Стрижак  |b П. А.  |c специалист в области теплоэнергетики  |c профессор Томского политехнического университета, доктор физико-математических наук  |f 1985-  |g Павел Александрович  |2 stltpush  |4 727 
712 0 2 |a Национальный исследовательский Томский политехнический университет (ТПУ)  |b Энергетический институт (ЭНИН)  |b Кафедра автоматизации теплоэнергетических процессов (АТП)  |h 121  |2 stltpush  |3 (RuTPU)RU\TPU\col\18678 
801 2 |a RU  |b 63413507  |c 20210119  |g RCR 
856 4 |u http://earchive.tpu.ru/handle/11683/22932 
856 4 |u http://www.lib.tpu.ru/fulltext/c/2015/C11/V2/259.pdf 
942 |c BK